000 00775nam a2200217Ii 4500
003 JO-AjNU
008 230605s9999||||xx |||||||||||||| ||und||
020 _a9957-29-014-2
040 _aJO-AjNU
_bara
_erda
_cJO-AjNU
041 _aara
050 1 4 _aBP144.R36 2005
100 3 _aالجندي،رندا عوني عبد القادر ، تقديم: أحمد نوفل,
_eauthor
_99684
245 0 0 _aقصة الإختلاف دراسة سننية
250 _aط1
264 3 1 _aعمان: دار العلوم للنشر والتوزيع، 2005
300 _a208ص
336 _atext
_btxt
_2rdacontent
337 _aunmediated
_bn
_2rdamedia
338 _avolume
_bnc
_2rdacarrier
650 4 _aالاسلام- الفقه الاسلامي- اختلاف في الاسلام
_99685
999 _aA1426
_c4994
_d4994